[Event "ESP-ch U12"]
[Site "Salobrena"]
[Date "2021.07.07"]
[Round "5"]
[White "Chernyshov, Georgii"]
[Black "Buzica Patrin, Teo Adrian"]
[Result "1/2-1/2"]
[WhiteElo "1395"]
[BlackElo "1632"]
[PlyCount "60"]
[EventDate "2021.07.05"]
[EventType "swiss"]
[EventRounds "9"]
[EventCountry "ESP"]
[SourceTitle "EXT 2022"]
[Source "ChessBase"]
[SourceDate "2021.10.06"]
[SourceVersion "1"]
[SourceVersionDate "2021.10.06"]
[SourceQuality "1"]

1. Nf3 d5 2. d4 Nf6 3. g3 e6 4. Bg2 Be7 5. 0-0 0-0 6. c4 c6 7. Nc3 Nbd7 8. Qd3 b6 9. e4 dxe4 10. Nxe4 Bb7 11. Bf4 Nxe4 12. Qxe4 Nf6 13. Qc2 Bd6 14. Bxd6 Qxd6 15. Rfd1 c5 16. dxc5 Qxc5 17. b3 b5 18. Rac1 Rac8 19. Qe2 b4 20. Rd3 Be4 21. Rd2 Bc6 22. Ne1 Bxg2 23. Kxg2 Qc6+ 24. Kg1 Ne4 25. Rd3 Nc3 26. Qd2 Qe4 27. Re3 Qb7 28. Nd3 Rfd8 29. Qb2 a5 30. a3 Ne4 1/2-1/2

[Event "ESP-ch U12"]
[Site "Salobrena"]
[Date "2021.07.06"]
[Round "3"]
[White "Reina Sorribas, Naila"]
[Black "Chernyshov, Georgii"]
[Result "0-1"]
[WhiteElo "1173"]
[BlackElo "1395"]
[PlyCount "96"]
[EventDate "2021.07.05"]
[EventType "swiss"]
[EventRounds "9"]
[EventCountry "ESP"]
[SourceTitle "EXT 2022"]
[Source "ChessBase"]
[SourceDate "2021.10.06"]
[SourceVersion "1"]
[SourceVersionDate "2021.10.06"]
[SourceQuality "1"]

1. e4 c5 2. c3 g6 3. d4 cxd4 4. cxd4 d5 5. e5 Bg7 6. Nf3 Nc6 7. Nc3 Nh6 8. Bb5 0-0 9. 0-0 Bg4 10. Be2 e6 11. h3 Bxf3 12. Bxf3 Nf5 13. Bg4 Ncxd4 14. Re1 h5 15. Bxf5 Nxf5 16. Qf3 Nd4 17. Qd3 Nc6 18. Bf4 a6 19. Qg3 Nd4 20. Rad1 Nf5 21. Qd3 Qb6 22. b3 Rac8 23. Rc1 Qd4 24. Qf3 Rc7 25. Ne2 Qb6 26. Rxc7 Qxc7 27. Rc1 Qd7 28. Rd1 Rc8 29. Nc3 Qc7 30. Rc1 Nd4 31. Qe3 Nc6 32. Ne2 Qa5 33. Nd4 Rc7 34. Ne2 Rd7 35. Bh6 Bxe5 36. f4 Bh8 37. f5 Re7 38. fxg6 fxg6 39. Qf4 Rf7 40. Qg3 Kh7 41. Nf4 Ne7 42. Rc8 Bd4+ 43. Kh2 Kxh6 44. Rg8 Bg7 45. Rb8 Qc7 46. Re8 Be5 47. Rxe7 Bxf4 48. Rxc7 Bxg3+ 0-1

[Event "ESP-ch U12"]
[Site "Salobrena"]
[Date "2020.07.31"]
[Round "7"]
[White "Bercaru, Vlad Ionut"]
[Black "Chernyshov, Georgii"]
[Result "1-0"]
[WhiteElo "1527"]
[BlackElo "1292"]
[PlyCount "85"]
[EventDate "2020.07.27"]
[EventType "swiss"]
[EventRounds "9"]
[EventCountry "ESP"]
[SourceTitle "EXT 2021"]
[Source "ChessBase"]
[SourceDate "2020.10.23"]
[SourceVersion "1"]
[SourceVersionDate "2020.10.23"]
[SourceQuality "1"]

1. c4 c6 2. Nf3 d5 3. e3 Nf6 4. Nc3 g6 5. b3 Bg7 6. Bb2 0-0 7. Be2 Nbd7 8. d4 Rb8 9. 0-0 Nb6 10. c5 Na8 11. Na4 Bf5 12. Bd3 Bxd3 13. Qxd3 Nc7 14. Ne5 Nd7 15. b4 e6 16. Nxd7 Qxd7 17. Bc3 Nb5 18. Nb2 Na3 19. Be1 Nb5 20. a4 Nc7 21. Qc3 Qe7 22. Nd3 Rfe8 23. f3 f6 24. Bg3 e5 25. Rae1 exd4 26. exd4 Qd7 27. Bd6 Rbc8 28. Nf4 Ne6 29. Nxe6 Rxe6 30. Rxe6 Qxe6 31. Re1 Qf5 32. Qe3 Rd8 33. Qe7 Qd7 34. Bc7 Qxe7 35. Rxe7 Rc8 36. f4 f5 37. Be5 Bxe5 38. fxe5 Rb8 39. Rc7 Kf8 40. Rxh7 Kg8 41. Rc7 b5 42. a5 a6 43. Rxc6 1-0

[Event "ESP-ch U12"]
[Site "Salobrena"]
[Date "2020.07.30"]
[Round "6"]
[White "Chernyshov, Georgii"]
[Black "Iribas Garayoa, Miguel"]
[Result "1-0"]
[WhiteElo "1292"]
[BlackElo "1163"]
[PlyCount "91"]
[EventDate "2020.07.27"]
[EventType "swiss"]
[EventRounds "9"]
[EventCountry "ESP"]
[SourceTitle "EXT 2021"]
[Source "ChessBase"]
[SourceDate "2020.10.23"]
[SourceVersion "1"]
[SourceVersionDate "2020.10.23"]
[SourceQuality "1"]

1. d4 c5 2. Nf3 cxd4 3. Nxd4 Nf6 4. g3 e5 5. Nb3 d5 6. Bg2 Be6 7. 0-0 Nc6 8. Nc3 d4 9. Ne4 Nxe4 10. Bxe4 Bh3 11. Bg2 Bxg2 12. Kxg2 h5 13. e3 h4 14. exd4 exd4 15. Qf3 Be7 16. Bd2 Ne5 17. Qxb7 h3+ 18. Kh1 0-0 19. Qe4 Nc4 20. Rab1 Re8 21. Qd3 Qd5+ 22. f3 Ne5 23. Qxd4 Qxd4 24. Nxd4 Red8 25. Nb3 Rac8 26. Bc3 Nc4 27. Rfe1 Bc5 28. Nxc5 Rxc5 29. Re7 a5 30. Kg1 Kf8 31. Rbe1 Rf5 32. f4 a4 33. Bb4 Kg8 34. b3 Nb6 35. Re8+ Rxe8 36. Rxe8+ Kh7 37. Re5 Rf6 38. Ba5 Nd7 39. Rd5 axb3 40. axb3 Ra6 41. Rxd7 Rxa5 42. Rxf7 Ra1+ 43. Kf2 Rc1 44. Rc7 Rd1 45. Re7 Rd2+ 46. Re2 1-0

[Event "ESP-ch U12"]
[Site "Salobrena"]
[Date "2020.07.28"]
[Round "3"]
[White "Carrasco Gomez, Adahara"]
[Black "Chernyshov, Georgii"]
[Result "0-1"]
[WhiteElo "1590"]
[BlackElo "1292"]
[PlyCount "132"]
[EventDate "2020.07.27"]
[EventType "swiss"]
[EventRounds "9"]
[EventCountry "ESP"]
[SourceTitle "EXT 2021"]
[Source "ChessBase"]
[SourceDate "2020.10.23"]
[SourceVersion "1"]
[SourceVersionDate "2020.10.23"]
[SourceQuality "1"]

1. e4 c5 2. Nf3 g6 3. c3 Bg7 4. d4 cxd4 5. cxd4 d5 6. e5 Nh6 7. Nc3 0-0 8. Bf4 Nc6 9. Bb5 Bg4 10. Bxc6 bxc6 11. h3 Bxf3 12. Qxf3 Nf5 13. Qd3 Qb6 14. 0-0-0 Rab8 15. Rd2 e6 16. Kd1 c5 17. Na4 Qc6 18. Nxc5 Rfc8 19. Rc2 Rb4 20. Be3 Rc4 21. Ke2 Bf8 22. Rhc1 Rxc2+ 23. Rxc2 Qb6 24. Kf3 Bxc5 25. dxc5 Qc6 26. Bd4 Nh4+ 27. Kg3 Nf5+ 28. Kh2 Rb8 29. Qd2 a6 30. b3 Rb7 31. g4 Nh4 32. Kg3 g5 33. Qxg5+ Ng6 34. h4 Kf8 35. Qd8+ Kg7 36. Qd6 Qb5 37. Rc3 Qb4 38. Rd3 Qe1 39. Kh2 Qe4 40. Qxa6 Nf4 41. Rg3 Qxd4 42. Kg1 Qd1+ 43. Kh2 Qe1 44. Rf3 Qe4 45. Kg3 Ne2+ 46. Kg2 Nd4 47. Qd3 Qxf3+ 48. Qxf3 Nxf3 49. Kxf3 Rb5 50. Ke3 Rxc5 51. Kd3 Rc1 52. Kd4 f6 53. f4 Rf1 54. f5 Rf4+ 55. Kc5 fxe5 56. fxe6 e4 57. Kd6 Rf8 58. e7 Re8 59. b4 e3 60. Kd7 Kf7 61. b5 e2 62. b6 e1Q 63. b7 Qxe7+ 64. Kc6 Qe6+ 65. Kc7 Re7+ 66. Kb8 Qb6 0-1